Epoca épica / (Record no. 98120)

MARC details
000 -LEADER
campo de control de longitud fija 00596nam a2200205 i 4500
001 - NÚMERO DE CONTROL
campo de control 98120
003 - IDENTIFICADOR DE NÚMERO DE CONTROL
campo de control ES-MaACL
005 - FECHA Y HORA DE LA ÚLTIMA TRANSACCIÓN
campo de control 20240421063022.0
007 - CAMPO FIJO DE DESCRIPCIÓN FÍSICA--INFORMACIÓN GENERAL
campo de control de longitud fija t|
008 - DATOS DE LONGITUD FIJA--INFORMACIÓN GENERAL
campo de control de longitud fija 050726s1977 sp ||||1| spa d
100 1# - ENTRADA PRINCIPAL--NOMBRE DE PERSONA
Nombre de persona Marrodán, Mario Ángel,
Fechas asociadas al nombre 1932-2005
9 (RLIN) 77080
245 10 - MENCIÓN DEL TÍTULO
Título Epoca épica /
Mención de responsabilidad, etc. Mario Angel Marrodán.
260 ## - PUBLICACIÓN, DISTRIBUCIÓN, ETC.
Lugar de publicación, distribución, etc. Barcelona :
Nombre del editor, distribuidor, etc. Vosgos,
Fecha de publicación, distribución, etc. 1977.
300 ## - DESCRIPCIÓN FÍSICA
Extensión 84 p., 1 lám. (1). ;
Dimensiones 18 cm.
490 1# - MENCIÓN DE SERIE
Mención de serie Nudo al alba ;
Designación de volumen o secuencia 58
500 ## - NOTA GENERAL
Nota general (1) Ret. aut.
830 0# - PUNTO DE ACCESO ADICIONAL DE SERIE-TÍTULO UNIFORME
Título uniforme Nudo al alba ;
Designación de volumen o secuencia 58
9 (RLIN) 184345
852 ## - LOCALIZACIÓN
Ubicación ES-MaACL
Número de control de estantería A-7902
Sublocalización o colección R.97277
Holdings
Estatus retirado Estado de pérdida Estado de daño No para préstamo Biblioteca de origen Biblioteca actual Ubicación en estantería Fecha de adquisición Fuente de adquisición Total de préstamos Signatura topográfica completa Código de barras Visto por última vez Precio de reemplazo Tipo de ítem Koha
        Biblioteca del Ateneo de Madrid Biblioteca del Ateneo de Madrid Sala Pecera Planta 1 17/01/2008     A-7902 1102428 23/02/2023 23/02/2023 Libro impreso